000 00382nam a2200133Ia 4500
008 191206s9999 xx 000 0 und d
020 _a0906969093 :
090 _aNK2270.O27
245 0 _astory of Western furniture
260 _aHerbert Press
260 _cc1981
300 _a"253 p. : ill., maps, plans ; 26 cm."
999 _c16970
_d16970